Statistics for Half-obscure Anime quiz

Click here to take the quiz!

General Stats

  • This quiz has been taken 34 times
  • The average score is 5 of 8

Answer Stats

QuestionAnswer% Correct
Who is the MC of Naruto?Naruto
100%
What is detective Conan's English title?Case Closed
83%
Which of these anime has 170 episodes?Black Clover
70%
What genre is Citrus?Yuri/shoujo ai
70%
How many episodes does buddy complex have (including the finale)13
50%
How many seasons of High school DxD are there (as of October 14th 2021)4
47%
When was Aikatsu! released?2012
37%
Which out of these anime films are rated highest on MAL?Koe no Katachi
10%

Score Distribution

Percentile by Number Answered

Percent of People with Each Score

Your Score History

You have not taken this quiz